<?xml version="1.0" encoding="UTF-8"?>
<record
    xmlns:xsi="http://www.w3.org/2001/XMLSchema-instance"
    xsi:schemaLocation="http://www.loc.gov/MARC21/slim http://www.loc.gov/standards/marcxml/schema/MARC21slim.xsd"
    xmlns="http://www.loc.gov/MARC21/slim">

  <leader>00854nam a22002177a 4500</leader>
  <controlfield tag="008">240702b        mp ||||| |||| 00| 0 mon d</controlfield>
  <datafield tag="035" ind1=" " ind2=" ">
    <subfield code="a">12053</subfield>
  </datafield>
  <datafield tag="040" ind1=" " ind2=" ">
    <subfield code="a">SU1322070</subfield>
    <subfield code="b">mon</subfield>
    <subfield code="c">MN-UlNLM</subfield>
    <subfield code="d">MN-UlNLM</subfield>
    <subfield code="e">rda</subfield>
  </datafield>
  <datafield tag="041" ind1=" " ind2=" ">
    <subfield code="a">mon</subfield>
  </datafield>
  <datafield tag="042" ind1=" " ind2=" ">
    <subfield code="a">30334</subfield>
  </datafield>
  <datafield tag="084" ind1=" " ind2=" ">
    <subfield code="2">NNA</subfield>
    <subfield code="a">28.693.36</subfield>
    <subfield code="b">&#x410;-35</subfield>
  </datafield>
  <datafield tag="100" ind1=" " ind2=" ">
    <subfield code="a">&#x410;&#x439;&#x433;&#x43D;&#x44D;&#x440; &#x42D;.</subfield>
  </datafield>
  <datafield tag="245" ind1=" " ind2="0">
    <subfield code="a">&#x421;&#x443;&#x443;&#x440;&#x438;&#x43D; &#x433;&#x430;&#x446;&#x430;&#x430;&#x43D;&#x44B; &#x442;&#x44D;&#x436;&#x44D;&#x44D;&#x432;&#x44D;&#x440;</subfield>
  </datafield>
  <datafield tag="264" ind1=" " ind2=" ">
    <subfield code="a">&#x423;&#x43B;&#x430;&#x430;&#x43D;&#x431;&#x430;&#x430;&#x442;&#x430;&#x440; &#x445;&#x43E;&#x442;</subfield>
    <subfield code="b">&#x410;&#x434;&#x43C;&#x43E;&#x43D; &#x425;&#x425;&#x41A;</subfield>
    <subfield code="c">2006</subfield>
  </datafield>
  <datafield tag="300" ind1=" " ind2=" ">
    <subfield code="a">20&#x445;.</subfield>
  </datafield>
  <datafield tag="336" ind1=" " ind2=" ">
    <subfield code="2">rdacontent</subfield>
    <subfield code="a">text</subfield>
    <subfield code="b">txt</subfield>
  </datafield>
  <datafield tag="337" ind1=" " ind2=" ">
    <subfield code="2">rdamedia</subfield>
    <subfield code="a">unmediated</subfield>
    <subfield code="b">n</subfield>
  </datafield>
  <datafield tag="338" ind1=" " ind2=" ">
    <subfield code="2">rdacarrier</subfield>
    <subfield code="a">volume</subfield>
    <subfield code="b">nc</subfield>
  </datafield>
  <datafield tag="650" ind1=" " ind2=" ">
    <subfield code="a">&#x421;&#x443;&#x443;&#x440;&#x438;&#x43D; &#x433;&#x430;&#x446;&#x430;&#x430;&#x43D;&#x44B; &#x445;&#x4AF;&#x43C;&#x4AF;&#x4AF;&#x441; &#x433;&#x430;&#x437;&#x430;&#x440; &#x442;&#x430;&#x440;&#x438;&#x430;&#x43B;&#x430;&#x43D;, &#x442;&#x44D;&#x436;&#x44D;&#x44D;&#x432;&#x44D;&#x440; &#x43C;&#x430;&#x43B;&#x43B;&#x430;&#x433;&#x430;&#x430; &#x433;&#x44D;&#x441;&#x44D;&#x43D; &#x445;&#x43E;&#x451;&#x440; &#x442;&#x4E9;&#x440;&#x43B;&#x438;&#x439;&#x43D; &#x445;&#x4E9;&#x434;&#x4E9;&#x43B;&#x43C;&#x4E9;&#x440; &#x44D;&#x440;&#x445;&#x44D;&#x43B;&#x434;&#x44D;&#x433; . &#x42D;&#x43D;&#x44D; &#x445;&#x43E;&#x451;&#x440;&#x44B;&#x433; &#x441;&#x443;&#x443;&#x440;&#x438;&#x43D; &#x433;&#x430;&#x446;&#x430;&#x430;&#x43D;&#x44B;&#x445;&#x430;&#x43D;  &#x430;&#x43D;&#x445;...</subfield>
  </datafield>
  <datafield tag="942" ind1=" " ind2=" ">
    <subfield code="2">NNA</subfield>
    <subfield code="c">BK</subfield>
  </datafield>
  <datafield tag="952" ind1=" " ind2=" ">
    <subfield code="0">0</subfield>
    <subfield code="1">0</subfield>
    <subfield code="4">0</subfield>
    <subfield code="6">2869336_&#x410;35</subfield>
    <subfield code="7">0</subfield>
    <subfield code="8">SU1324</subfield>
    <subfield code="a">SU1322070</subfield>
    <subfield code="b">SU1322070</subfield>
    <subfield code="c">SU1324</subfield>
    <subfield code="d">2024-07-04</subfield>
    <subfield code="g">1000.00</subfield>
    <subfield code="l">0</subfield>
    <subfield code="o">28.693.36  &#x410;-35</subfield>
    <subfield code="p">SU13212053-4-1</subfield>
    <subfield code="r">2024-07-04</subfield>
    <subfield code="t">37696</subfield>
    <subfield code="y">BK</subfield>
  </datafield>
  <datafield tag="952" ind1=" " ind2=" ">
    <subfield code="0">0</subfield>
    <subfield code="1">0</subfield>
    <subfield code="4">0</subfield>
    <subfield code="6">2869336_&#x410;35</subfield>
    <subfield code="7">0</subfield>
    <subfield code="8">SU1324</subfield>
    <subfield code="a">SU1322070</subfield>
    <subfield code="b">SU1322070</subfield>
    <subfield code="c">SU1324</subfield>
    <subfield code="d">2024-07-04</subfield>
    <subfield code="g">1000.00</subfield>
    <subfield code="l">0</subfield>
    <subfield code="o">28.693.36  &#x410;-35</subfield>
    <subfield code="p">SU13212053-4-2</subfield>
    <subfield code="r">2024-07-04</subfield>
    <subfield code="t">37697</subfield>
    <subfield code="y">BK</subfield>
  </datafield>
  <datafield tag="952" ind1=" " ind2=" ">
    <subfield code="0">0</subfield>
    <subfield code="1">0</subfield>
    <subfield code="4">0</subfield>
    <subfield code="6">2869336_&#x410;35</subfield>
    <subfield code="7">0</subfield>
    <subfield code="8">SU1324</subfield>
    <subfield code="a">SU1322070</subfield>
    <subfield code="b">SU1322070</subfield>
    <subfield code="c">SU1324</subfield>
    <subfield code="d">2024-07-04</subfield>
    <subfield code="g">1000.00</subfield>
    <subfield code="l">0</subfield>
    <subfield code="o">28.693.36  &#x410;-35</subfield>
    <subfield code="p">SU13212053-4-3</subfield>
    <subfield code="r">2024-07-04</subfield>
    <subfield code="t">37698</subfield>
    <subfield code="y">BK</subfield>
  </datafield>
  <datafield tag="952" ind1=" " ind2=" ">
    <subfield code="0">0</subfield>
    <subfield code="1">0</subfield>
    <subfield code="4">0</subfield>
    <subfield code="6">2869336_&#x410;35</subfield>
    <subfield code="7">0</subfield>
    <subfield code="8">SU1324</subfield>
    <subfield code="a">SU1322070</subfield>
    <subfield code="b">SU1322070</subfield>
    <subfield code="c">SU1324</subfield>
    <subfield code="d">2024-07-04</subfield>
    <subfield code="g">1000.00</subfield>
    <subfield code="l">0</subfield>
    <subfield code="o">28.693.36  &#x410;-35</subfield>
    <subfield code="p">SU13212053-4-4</subfield>
    <subfield code="r">2024-07-04</subfield>
    <subfield code="t">37700</subfield>
    <subfield code="y">BK</subfield>
  </datafield>
  <datafield tag="952" ind1=" " ind2=" ">
    <subfield code="0">0</subfield>
    <subfield code="1">0</subfield>
    <subfield code="4">0</subfield>
    <subfield code="6">2869336_&#x410;35</subfield>
    <subfield code="7">0</subfield>
    <subfield code="8">SU1324</subfield>
    <subfield code="a">SU1322070</subfield>
    <subfield code="b">SU1322070</subfield>
    <subfield code="c">SU1324</subfield>
    <subfield code="d">2024-07-04</subfield>
    <subfield code="g">1000.00</subfield>
    <subfield code="l">0</subfield>
    <subfield code="o">28.693.36  &#x410;-35</subfield>
    <subfield code="p">SU13212053-4-5</subfield>
    <subfield code="r">2024-07-04</subfield>
    <subfield code="t">41189</subfield>
    <subfield code="y">BK</subfield>
  </datafield>
  <datafield tag="999" ind1=" " ind2=" ">
    <subfield code="c">1069744</subfield>
    <subfield code="d">1069801</subfield>
  </datafield>
</record>
